000 00584nam a2200205 a 4500
001 19589
003 CO-ViMGA
008 141112s2004 ck r 000 u spa d
020 _a8484521036
040 _aCO-ViMGA
_bspa
_cCO-ViMGA
082 0 4 _aCAPt
100 1 _aCapdevila, Roser; Capdevila, Carles
_928315
245 1 0 _aLas tres mellizas hacen las paces
260 _aBarcelona :
_bIcaria,
_cIntermón; 2001
300 _a32 p.
490 _aUna mirada al mundo; 4
590 _aForma de adquisición : Premio Mincultura
650 1 4 _aCUENTOS INFANTILES
_92743
942 _2ddc
_cBK
999 _c28728
_d28728